Strategies for sustainable land management in the East African highlands / (Record no. 8935)
[ view plain ]
| 000 -LEADER | |
|---|---|
| fixed length control field | 01407cam a22003254a 4500 |
| 001 - CONTROL NUMBER | |
| control field | 14440759 |
| 003 - CONTROL NUMBER IDENTIFIER | |
| control field | OSt |
| 005 - DATE AND TIME OF LATEST TRANSACTION | |
| control field | 20240626130554.0 |
| 008 - FIXED-LENGTH DATA ELEMENTS--GENERAL INFORMATION | |
| fixed length control field | 060705s2006 dcuab bi 001 0 eng |
| 010 ## - LIBRARY OF CONGRESS CONTROL NUMBER | |
| LC control number | 2006021181 |
| 020 ## - INTERNATIONAL STANDARD BOOK NUMBER | |
| International Standard Book Number | 9780896297579 |
| 020 ## - INTERNATIONAL STANDARD BOOK NUMBER | |
| International Standard Book Number | 0896297578 |
| 040 ## - CATALOGING SOURCE | |
| Original cataloging agency | DDC |
| Transcribing agency | MUST |
| 082 00 - DEWEY DECIMAL CLASSIFICATION NUMBER | |
| Classification number | 333.76 STRA 2006 |
| Edition number | 20 |
| 100 ## - MAIN ENTRY--PERSONAL NAME | |
| Personal name | Edited by John Pender, Frank Place, and Simeon Ehui. |
| 9 (RLIN) | 18086 |
| 245 00 - TITLE STATEMENT | |
| Title | Strategies for sustainable land management in the East African highlands / |
| Statement of responsibility, etc. | edited by John Pender, Frank Place, and Simeon Ehui. |
| 260 ## - PUBLICATION, DISTRIBUTION, ETC. (IMPRINT) | |
| Place of publication, distribution, etc. | Washington, D.C. : |
| Name of publisher, distributor, etc. | International Food Policy Research Institute, |
| Date of publication, distribution, etc. | c2006. |
| 300 ## - PHYSICAL DESCRIPTION | |
| Extent | xvii, 483 p. : |
| Other physical details | ill., col. maps ; |
| Dimensions | 23 cm. |
| 504 ## - BIBLIOGRAPHY, ETC. NOTE | |
| Bibliography, etc | Includes bibliographical references and index. |
| 650 #0 - SUBJECT ADDED ENTRY--TOPICAL TERM | |
| Topical term or geographic name as entry element | Land use |
| General subdivision | Government policy |
| Geographic subdivision | Africa, East. |
| 9 (RLIN) | 18087 |
| 650 #0 - SUBJECT ADDED ENTRY--TOPICAL TERM | |
| Topical term or geographic name as entry element | Agriculture and state |
| Geographic subdivision | Africa, East. |
| 9 (RLIN) | 18088 |
| 650 #0 - SUBJECT ADDED ENTRY--TOPICAL TERM | |
| Topical term or geographic name as entry element | Agriculture |
| General subdivision | Economic aspects |
| Geographic subdivision | Africa, East. |
| 9 (RLIN) | 18089 |
| 655 #7 - INDEX TERM--GENRE/FORM | |
| Genre/form data or focus term | Aufsatzsammlung. |
| Source of term | swd |
| 9 (RLIN) | 13501 |
| 700 1# - ADDED ENTRY--PERSONAL NAME | |
| Personal name | Pender, J. |
| 9 (RLIN) | 18090 |
| 700 1# - ADDED ENTRY--PERSONAL NAME | |
| Personal name | Place, Frank, |
| Titles and other words associated with a name | Dr. |
| 9 (RLIN) | 18091 |
| 700 1# - ADDED ENTRY--PERSONAL NAME | |
| Personal name | Ehui, S. |
| Fuller form of name | (Simeon) |
| 9 (RLIN) | 18092 |
| 710 2# - ADDED ENTRY--CORPORATE NAME | |
| Corporate name or jurisdiction name as entry element | International Food Policy Research Institute. |
| 9 (RLIN) | 18093 |
| 776 08 - ADDITIONAL PHYSICAL FORM ENTRY | |
| Relationship information | Online version: |
| Title | Strategies for sustainable land management in the East African highlands. |
| Place, publisher, and date of publication | Washington, D.C. : International Food Policy Research Institute, 2006 |
| Record control number | (OCoLC)654328926 |
| 942 ## - ADDED ENTRY ELEMENTS (KOHA) | |
| Source of classification or shelving scheme | Dewey Decimal Classification |
| Koha item type | Open Shelf |
| Withdrawn status | Lost status | Source of classification or shelving scheme | Damaged status | Not for loan | Home library | Current library | Source of acquisition | Total Checkouts | Full call number | Barcode | Date last seen | Price effective from | Koha item type |
|---|---|---|---|---|---|---|---|---|---|---|---|---|---|
| Dewey Decimal Classification | MUST Main Library | MUST Main Library | Purchase | 333.76 STRA 2006 | 2024-21450 | 26/06/2024 | 26/06/2024 | Open Shelf |
